Luxemburgisch die Farbe lernen - Statistiken

Allgemein
  • Dieses Quiz wurde 13 mal gespielt
  • Das Durchschnittsergebnis liegt bei 10 aus 12
Antwortstatistiken
Deutsch Luxemburgisch % Korrekt
Rot Rout
100%
Blau Blo
90%
Dunkelblau Donkelblo
90%
Grün Gréng
90%
Hellblau Hellblo
90%
Orange Orange
90%
Rosa Rosa
90%
Schwarz Schwaarz
90%
Braun Brong
80%
Gelb Giel
80%
Grau Gro
80%
Weiß Wäiss
70%
Keine übereinstimmenden Quizze gefunden
Verteilung der Resultate
Anzahl Personen mit jedem Resultat
Perzentil nach korrekt beantworteten Fragen
Ihre Resultats-Entwicklung
Sie haben dieses Quiz noch nicht gespielt